| 000 | 00493nam a2200169 i 4500 | ||
|---|---|---|---|
| 001 | 115933 | ||
| 003 | ES-MaACL | ||
| 005 | 20230906190608.0 | ||
| 007 | t| | ||
| 008 | 061121s1920 fr r ||||1| fre d | ||
| 100 | 1 |
_aOzenne, Émile-H. _988072 |
|
| 245 | 1 | 0 |
_aSyphilis de l'utérus et de ses annexes _b: trompes ovaires, glandes mammaires / _cE. Ozenne. |
| 260 |
_aParis : _bMasson, _c1920. |
||
| 300 |
_a226 p. ; _c26 x 17 cm. |
||
| 650 | 0 | 4 |
_aSífilis. _917092 |
| 852 |
_aES-MaACL _jB-11485 |
||
| 999 |
_c115933 _d115933 |
||